Les Emirats Arabes Unis pour les touristes... - Facile - Statistiques

Statistiques générales
  • Ce quiz a été pris 23 fois
  • Le résultat moyen est 6 sur 20
Statistiques - réponses
Question Indice Réponses Indice facile % Correct
Quelle est la langue officielle ? Arabe
100%
Achats à faire 1/ Fruits secs farcis Dattes TATESD
68%
Dans la capitale quel est le décalage horaire avec Paris ? (+ ou - et chiffre) ex - 10 ou + 3,5 + 2
47%
Le principal aéroport est D Dubai
47%
Quelles sont les principaux lieux touristiques ? D Emirat de {Dubaï} BAUDI
47%
Achats à faire 3/ Service à Thé HET
47%
Combien d'heures (environ) mettrez-vous pour vous y rendre ? (en chiffres) 7
42%
Comment se nomme la principale compagnie aérienne locale E Emirates ARTEMISE
42%
La religion majoritaire est Islam I
37%
Achats à faire 2/ Epice orangée Safran NAFARS
37%
Quelles sont les principaux lieux touristiques ? A D Ville d'{Abu Dhabi} DAUBAIBH
37%
Quelle est la monnaie ? Dirham des Emirats arabes unis D
11%
Quel est le régime du pays ? M A Monarchie constitutionnelle
11%
Quelles sont les principaux lieux touristiques ? S Souk bleu de {Sharjah} HJHARAS
11%
Code sur les plaques minéralogiques UAE
11%
Le suffixe internet est ae
5%
Quelles sont les principaux lieux touristiques ? F Emirat de {Fujairah} RAFIAUHJ
5%
Achats à faire 4/ Poignard traditionnel Khanjar RAJAHKN
5%
Quelles sont les principaux lieux touristiques ? R {Ras el Khaimah} AMARILESAHHK
5%
Quel est le climat local ? S A Subtropical aride
0%
Aucun quiz correspondant
Distribution des résultats
% des personnes avec chaque résultat
Percentile par nombre de réponses
Votre historique - résultats
Vous n’avez pas pris ce quiz